[Event "34th Chess Olympiad (men)"]
[Site "Istanbul"]
[Date "2000.11.02"]
[Round "6.1.2"]
[White "Dautov, Rustem"]
[Black "Svidler, Peter"]
[WhiteElo "2606"]
[BlackElo "2689"]
[WhiteCountry "GER"]
[BlackCountry "RUS"]
[Result "1/2-1/2"]

1. d4 Nf6 2. c4 g6 3. Nc3 d5 4. Nf3 Bg7 5. cxd5 Nxd5 6. e4 Nxc3 7. bxc3 c5 
8. Be3 Qa5 9. Qd2 Nc6 10. Rb1 O-O 11. Rb5 cxd4 12. Rxa5 dxe3 13. Qxe3 Nxa5 
14. h4 Be6 15. h5 Rfc8 16. e5 Nc4 17. Bxc4 Rxc4 18. hxg6 hxg6 19. Ng5 Rac8 
20. Nxe6 Rxc3 21. Qg5 Rc1+ 22. Kd2 Rxh1 23. Nxg7 Rd8+ 24. Ke2 Kxg7 
25. Qxe7 Rdd1 26. f4 Rhf1 27. g3 Rfe1+ 28. Kf2 Rf1+ 29. Ke2 Rfe1+ 30. Kf2 
1/2-1/2

[Event "34th Chess Olympiad (men)"]
[Site "Istanbul"]
[Date "2000.11.02"]
[Round "6.2.3"]
[White "Eingorn, Vereslav S"]
[Black "Timoscenko, Genadij"]
[WhiteElo "2586"]
[BlackElo "2529"]
[WhiteCountry "UKR"]
[BlackCountry "SVK"]
[Result "1/2-1/2"]

1. c4 e6 2. Nf3 Nf6 3. g3 d5 4. b3 Be7 5. Bg2 O-O 6. O-O b6 7. Bb2 Bb7 8. e3 c5 
9. Nc3 dxc4 10. bxc4 Nc6 11. Rb1 Rc8 12. Qe2 Qc7 13. Rfd1 Rfd8 14. d3 Rd7 
15. h3 Rcd8 16. a3 Qb8 17. Ne1 Na5 18. f4 Bxg2 19. Kxg2 Ne8 20. Ne4 Qb7 
21. Qf3 Nd6 22. Nxd6 Qxf3+ 23. Kxf3 Rxd6 24. Ke2 Bf6 25. Bxf6 gxf6 26. Nf3 h5 
27. Rbc1 Kf8 28. Rc3 Ke7 29. f5 Nc6 30. Rf1 R6d7 31. Rg1 Ne5 32. Nxe5 fxe5 
33. fxe6 Kxe6 34. e4 f5 35. exf5+ Kxf5 36. Rf1+ Kg6 37. Rf3 Rd4 38. Re3 Re8 
39. Rc1 e4 40. dxe4 Rexe4 41. Rxe4 Rxe4+ 42. Kd3 Rd4+ 43. Ke3 Kg5 44. a4 
1/2-1/2

[Event "34th Chess Olympiad (men)"]
[Site "Istanbul"]
[Date "2000.11.02"]
[Round "6.3.1"]
[White "Vaganian, Rafael A"]
[Black "Topalov, Veselin"]
[WhiteElo "2623"]
[BlackElo "2707"]
[WhiteCountry "ARM"]
[BlackCountry "BUL"]
[Result "0-1"]

1. d4 Nf6 2. Nf3 c5 3. d5 b5 4. a4 b4 5. Bg5 Ne4 6. g3 g6 7. Bg2 d6 8. Bc1 Bg7 
9. Nfd2 Nxd2 10. Nxd2 Nd7 11. O-O O-O 12. Re1 a5 13. e4 Nb6 14. Ra2 e6 
15. b3 exd5 16. exd5 Bb7 17. Nf1 Re8 18. Rxe8+ Qxe8 19. h4 f5 20. Bf4 Be5 
21. Ne3 Bxf4 22. gxf4 Qe7 23. h5 Qh4 24. hxg6 hxg6 25. Qf3 Qf6 26. c4 bxc3ep 
27. Re2 Ba6 28. Nc4 Nxc4 29. bxc4 Rb8 30. Re6 Qxe6 31. dxe6 c2 32. Qe3 Rb1+ 
33. Kh2 c1Q 34. Qg3 Kg7 35. Qh4 Qg1+ 36. Kh3 
0-1

[Event "34th Chess Olympiad (men)"]
[Site "Istanbul"]
[Date "2000.11.02"]
[Round "6.5.4"]
[White "Polak, Tomas"]
[Black "Sax, Gyula"]
[WhiteElo "2499"]
[BlackElo "2563"]
[WhiteCountry "CZE"]
[BlackCountry "HUN"]
[Result "1/2-1/2"]

1. d4 Nf6 2. c4 e6 3. Nf3 b6 4. g3 Ba6 5. b3 Bb4+ 6. Bd2 Be7 7. Bg2 c6 
8. Bc3 d5 9. Nbd2 Nbd7 10. O-O O-O 11. Re1 c5 12. e4 dxe4 13. Nxe4 Nxe4 
14. Rxe4 Bb7 15. Re3 cxd4 16. Nxd4 Bxg2 17. Kxg2 Bg5 18. f4 Bf6 19. Qf3 a6 
20. Rd1 Qc7 21. Nc6 Rac8 22. Bxf6 Nxf6 23. Ne5 b5 24. Red3 
1/2-1/2

[Event "34th Chess Olympiad (men)"]
[Site "Istanbul"]
[Date "2000.11.02"]
[Round "6.7.2"]
[White "Morovic, Fernandez Ivan"]
[Black "Kunte, Abhijit"]
[WhiteElo "2608"]
[BlackElo "2556"]
[WhiteCountry "CRO"]
[BlackCountry "IND"]
[Result "1/2-1/2"]

1. d4 Nf6 2. c4 e6 3. Nf3 b6 4. g3 Ba6 5. b3 Bb4+ 6. Bd2 Be7 7. Bg2 c6 
8. Bc3 d5 9. Ne5 Nfd7 10. Nd7 Nd7 11. Nd2 O-O 12. O-O Rc8 13. e4 b5 14. Re1 bc4 
15. bc4 dc4 16. Qa4 Bb5 17. Qc2 Re8 18. a4 Ba6 19. Rad1 Bf8 20. Nf1 Rb8 
21. Ne3 Bb4 
1/2-1/2

[Event "34th Chess Olympiad (men)"]
[Site "Istanbul"]
[Date "2000.11.02"]
[Round "6.7.3"]
[White "Barua, Dibyendu"]
[Black "Cvitan, Ognjen"]
[WhiteElo "2502"]
[BlackElo "2541"]
[WhiteCountry "IND"]
[BlackCountry "CRO"]
[Result "1/2-1/2"]

1. e4 c5 2. Nf3 d6 3. d4 cxd4 4. Nxd4 Nf6 5. Nc3 a6 6. Be2 e6 7. O-O Be7 
8. Be3 Qc7 9. a4 Nc6 10. f4 O-O 11. Kh1 Re8 12. Bd3 Nb4 13. a5 Bd7 14. Nf3 Bc6 
15. Bb6 Qd7 16. Qe2 g6 17. Bc4 d5 18. Ne5 Qc8 19. Bb3 dxe4 20. f5 exf5 
21. Nxf7 Nbd5 22. Ne5 Kg7 23. Bd4 Qe6 24. Rad1 Red8 25. Nxc6 
1/2-1/2

[Event "34th Chess Olympiad (men)"]
[Site "Istanbul"]
[Date "2000.11.02"]
[Round "6.8.3"]
[White "Peng, Xiaomin"]
[Black "Gallagher, Joseph G"]
[WhiteElo "2657"]
[BlackElo "2514"]
[WhiteCountry "CHN"]
[BlackCountry "SUI"]
[Result "1/2-1/2"]

1. e4 d6 2. d4 Nf6 3. Nc3 g6 4. Bg5 Bg7 5. Qd2 c6 6. f4 O-O 7. Bd3 b5 
8. Nf3 Bg4 9. O-O-O Bxf3 10. h3 b4 11. gxf3 Qa5 12. Kb1 Qb6 13. f5 a5 
14. Be3 a4 15. h4 c5 16. Bg5 cxd4 17. fxg6 hxg6 18. h5 b3 19. cxb3 axb3 
20. Bc4 d3 21. hxg6 Nxe4 22. Kc1 Bh8 23. Bh6 Bf6 24. Qf4 Rxa2 25. Kb1 Ra3 
26. Qxe4 d5 27. Qxd5 d2 28. Bxd2 
1/2-1/2

[Event "34th Chess Olympiad (men)"]
[Site "Istanbul"]
[Date "2000.11.02"]
[Round "6.8.4"]
[White "Jenni, Florian"]
[Black "Liang, Chong"]
[WhiteElo "2440"]
[BlackElo "2573"]
[WhiteCountry "SUI"]
[BlackCountry "CHN"]
[Result "1/2-1/2"]

1. e4 c6 2. d4 d5 3. Nc3 dxe4 4. Nxe4 Nd7 5. Bc4 Ngf6 6. Ng5 e6 7. Qe2 Nb6 
8. Bd3 h6 9. N5f3 c5 10. dxc5 Bxc5 11. Ne5 Nbd7 12. Ngf3 Qc7 13. Bf4 Bd6 
14. Bg3 Nh5 15. Nc4 Nf4 16. Nxd6+ Qxd6 17. Bxf4 Qxf4 18. g3 Qa4 19. O-O O-O 
20. Rfd1 Nc5 21. Ne5 Nxd3 22. Rxd3 f6 23. b3 Qe8 24. Nc4 e5 25. Nd6 Qc6 
26. Rad1 b5 27. R3d2 b4 28. Nxc8 Qxc8 29. Rd7 Rf7 30. Rxf7 Kxf7 31. Qb5 a5 
32. Rd7+ Kg8 33. Qd5+ Kh8 34. Kg2 Qg8 35. Qxg8+ Kxg8 36. Rc7 Kh7 37. c4 bxc3 
38. Rxc3 Kg6 39. Rc4 Rb8 40. Kf3 Kf5 41. Rc7 g6 42. g4+ Kg5 43. Kg3 h5 
44. h4+ Kh6 45. Rf7 hxg4 46. Rxf6 a4 47. bxa4 Ra8 48. f4 gxf3 49. Rxf3 
1/2-1/2

[Event "34th Chess Olympiad (men)"]
[Site "Istanbul"]
[Date "2000.11.02"]
[Round "6.10.4"]
[White "Nijboer, Friso"]
[Black "Dydyshko, Viacheslav"]
[WhiteElo "2537"]
[BlackElo "2525"]
[WhiteCountry "NED"]
[BlackCountry "BLR"]
[Result "1/2-1/2"]

1. e4 c5 2. Nf3 d6 3. d4 cxd4 4. Nxd4 Nf6 5. Nc3 a6 6. Be3 Nc6 7. h3 e6 
8. g4 Qc7 9. Bg2 Na5 10. Qe2 Nc4 11. O-O-O Be7 12. f4 Nxe3 13. Qxe3 Qc5 
14. Qe2 O-O 15. g5 Nd7 16. h4 Re8 17. Kb1 Nf8 18. f5 Bd7 19. Qf3 Qe5 
20. Rhf1 Rac8 21. Bh3 Kh8 22. Nce2 Bc6 23. Nxc6 bxc6 24. Qf4 Rb8 25. Qxe5 dxe5 
26. Nc1 exf5 27. Rxf5 f6 28. gxf6 Bxf6 29. Nd3 Bxh4 30. Rxe5 Bf6 31. Rxe8 Rxe8 
32. e5 Be7 33. c4 g6 34. Kc2 Kg7 35. Bg2 Rc8 36. Rg1 
1/2-1/2

[Event "34th Chess Olympiad (men)"]
[Site "Istanbul"]
[Date "2000.11.02"]
[Round "6.11.3"]
[White "Slapikas, Vytautas"]
[Black "Kostenko, Petr"]
[WhiteElo "2430"]
[BlackElo "2466"]
[WhiteCountry "LTU"]
[BlackCountry "KAZ"]
[Result "0-1"]

1. e4 e6 2. Qe2 Be7 3. g3 d5 4. d3 dxe4 5. dxe4 b6 6. Nd2 Ba6 7. Qg4 h5 
8. Qf3 Bxf1 9. Nxf1 Nc6 10. Bd2 Nd4 11. Qd3 Nf6 12. O-O-O c5 13. Be3 O-O 
14. Ne2 e5 15. Bxd4 cxd4 16. f4 Qc7 17. h3 Nd7 18. Kb1 Rac8 19. c3 Nc5 
20. Qf3 Na4 21. Rc1 Qd7 22. c4 b5 23. Nd2 Bb4 24. Rhd1 d3 25. Nf1 bxc4 
26. Ne3 Qb5 27. Nd5 Ba3 28. b3 cxb3 29. Rd2 dxe2 
0-1

[Event "34th Chess Olympiad (men)"]
[Site "Istanbul"]
[Date "2000.11.02"]
[Round "6.12.2"]
[White "Miladinovic, Igor"]
[Black "Sokolov, Ivan"]
[WhiteElo "2563"]
[BlackElo "2611"]
[WhiteCountry "GRE"]
[BlackCountry "BIH"]
[Result "1/2-1/2"]

1. d4 d5 2. Bg5 h6 3. Bh4 c6 4. e3 Qb6 5. Qc1 e5 6. Nf3 exd4 7. Nxd4 c5 
8. Nf3 Be7 9. Bg3 Bf6 10. Nc3 Ne7 11. Nb5 O-O 12. c3 Na6 13. Be2 Nf5 
14. Bf4 Bd7 15. Na3 Rfe8 16. h4 Nd6 17. Qc2 Ne4 18. Rd1 Bc6 19. Nd2 Qa5 
20. Nxe4 Rxe4 21. O-O Ba4 22. b3 Bc6 23. Nb1 d4 24. Bd3 Ree8 25. Bxa6 Qxa6 
26. cxd4 cxd4 27. exd4 Be4 28. Qc4 b5 29. Qb4 Qb7 30. f3 a5 31. Qa3 Bxb1 
32. Rxb1 Bxd4+ 33. Kh2 Re2 34. Rbe1 b4 35. Qa4 Qe7 36. Bg3 Be5 37. f4 Bxf4 
38. Rxf4 Rxe1 39. Bxe1 Qxe1 40. Qc6 Rf8 41. Qd5 Qe3 42. Rc4 Qa7 43. Qc5 Qa8 
44. Qc6 Qd8 45. Qc7 Qd5 46. Rc5 Qe4 47. Rc4 Qa8 48. Rc5 a4 49. Rb5 axb3 
1/2-1/2

[Event "34th Chess Olympiad (men)"]
[Site "Istanbul"]
[Date "2000.11.02"]
[Round "6.12.4"]
[White "Nikolaidis, Ioannis"]
[Black "Runic, Zoran"]
[WhiteElo "2515"]
[BlackElo "2425"]
[WhiteCountry "GRE"]
[BlackCountry "BIH"]
[Result "1-0"]

1. d4 Nf6 2. c4 g6 3. Nc3 Bg7 4. Nf3 O-O 5. Bg5 d6 6. e3 Nbd7 7. Be2 Qe8 
8. Qc2 a6 9. O-O b6 10. a4 Bb7 11. a5 e5 12. axb6 cxb6 13. Rfd1 Qb8 14. Bh4 Qc7 
15. Rac1 Rac8 16. Qb1 Qb8 17. b3 Rfe8 18. dxe5 dxe5 19. Nd2 Qa8 20. Bf3 e4 
21. Be2 h6 22. Nf1 g5 23. Bg3 Ne5 24. Bxe5 Rxe5 25. Ng3 Bf8 26. Qb2 Rce8 
27. b4 Qc8 28. Na4 Qe6 29. c5 b5 30. Nb6 h5 31. Bf1 Nd5 32. Nxd5 Bxd5 
33. Nxh5 f5 34. Rxd5 Rxd5 35. Nf6+ Kf7 36. Nxe8 Kxe8 37. c6 Rd8 38. Qa1 Rc8 
39. Qxa6 Bxb4 40. Qxb5 Bd6 41. Bc4 Qf6 42. Qd5 Ke7 43. g3 Rd8 44. Qa5 Qe5 
45. Qa7+ Bc7 46. Ba2 f4 47. Qa3+ Kf6 48. Qb3 Kg7 49. Qf7+ Kh6 50. exf4 gxf4 
51. Qxf4+ Qxf4 52. gxf4 Bxf4 53. Re1 Re8 54. Kg2 Kg5 55. Bb1 Rh8 56. h3 Rb8 
57. Bxe4 Rb3 58. Re2 Rb4 59. Bf3 Rb3 60. Rc2 Bc7 61. h4+ Kh6 62. Re2 Kg6 
63. Re7 Bf4 64. h5+ Kf6 65. Rf7+ Kg5 66. h6 Be5 67. h7 
1-0

[Event "34th Chess Olympiad (men)"]
[Site "Istanbul"]
[Date "2000.11.02"]
[Round "6.13.1"]
[White "Stefansson, Hannes"]
[Black "Milos, Gilberto"]
[WhiteElo "2557"]
[BlackElo "2633"]
[WhiteCountry "ISL"]
[BlackCountry "BRA"]
[Result "1-0"]

1. e4 c5 2. Nf3 e6 3. d4 cxd4 4. Nxd4 Nc6 5. Nc3 Qc7 6. Be2 a6 7. O-O Nf6 
8. Kh1 Nxd4 9. Qxd4 Bc5 10. Qd3 b5 11. f4 Bb7 12. a4 b4 13. e5 Nd5 14. Ne4 Be7 
15. Qg3 g6 16. Bd3 f5 17. exf6ep Nxf6 18. Ng5 Nh5 19. Qg4 Bxg5 20. Qxg5 O-O 
21. Bd2 Rf7 22. Rae1 Raf8 23. f5 exf5 24. Bxb4 d6 25. Re6 f4 26. Bxd6 f3 
27. gxf3 Rxf3 28. Rxf3 Qf7 29. Re3 Bxf3+ 30. Kg1 Rc8 31. Re7 Qf6 32. Qxf6 Nxf6 
33. Be5 Nd5 34. Rg7+ Kf8 35. Rxh7 Rc6 36. Rb7 Bd1 37. Be4 
1-0

[Event "34th Chess Olympiad (men)"]
[Site "Istanbul"]
[Date "2000.11.02"]
[Round "6.13.2"]
[White "Vescovi, Giovanni"]
[Black "Olafsson, Helgi"]
[WhiteElo "2526"]
[BlackElo "2478"]
[WhiteCountry "BRA"]
[BlackCountry "ISL"]
[Result "1/2-1/2"]

1. e4 c6 2. d4 d5 3. Nd2 dxe4 4. Nxe4 Nd7 5. Ng5 Ngf6 6. Bd3 e6 7. Qe2 Bd6 
8. N1f3 h6 9. Ne4 Nxe4 10. Qxe4 Qc7 11. Qg4 Kf8 12. O-O c5 13. Qh4 b6 
14. Re1 Bb7 15. Be4 Bxe4 16. Qxe4 Re8 17. dxc5 Nxc5 18. Qe2 e5 19. h3 Re6 
20. b3 Kg8 21. Nd2 Kh7 22. Nc4 Rhe8 23. Nxd6 
1/2-1/2

[Event "34th Chess Olympiad (men)"]
[Site "Istanbul"]
[Date "2000.11.02"]
[Round "6.13.3"]
[White "Thorhallsson, Throstur"]
[Black "Limp, Eduardo"]
[WhiteElo "2454"]
[BlackElo "2480"]
[WhiteCountry "ISL"]
[BlackCountry "BRA"]
[Result "1-0"]

1. e4 e6 2. d4 d5 3. Nc3 Nf6 4. e5 Nfd7 5. f4 c5 6. Nf3 Nc6 7. Be3 cxd4 
8. Nxd4 Bc5 9. Qd2 O-O 10. O-O-O a6 11. h4 Nxd4 12. Bxd4 b5 13. Rh3 b4 
14. Na4 Bxd4 15. Qxd4 f6 16. Qxb4 fxe5 17. fxe5 Nxe5 18. Re3 Nf7 19. g3 Nd6 
20. Bh3 Nf5 21. Rf3 Nd6 22. Rxf8+ Qxf8 23. Nb6 Rb8 24. Qc5 Ne4 25. Qc7 Qd6 
26. Qxd6 Nxd6 27. Nxc8 Nxc8 28. Bxe6+ 
1-0

[Event "34th Chess Olympiad (men)"]
[Site "Istanbul"]
[Date "2000.11.02"]
[Round "6.14.1"]
[White "Agrest, Evgenij"]
[Black "Damljanovic, Branko"]
[WhiteElo "2554"]
[BlackElo "2559"]
[WhiteCountry "SWE"]
[BlackCountry "YUG"]
[Result "1/2-1/2"]

1. c4 e5 2. Nc3 Nf6 3. Nf3 Nc6 4. e4 Bc5 5. Nxe5 Nxe5 6. d4 Bb4 7. dxe5 Nxe4 
8. Qd4 Nxc3 9. bxc3 Be7 10. Qg4 Kf8 11. Qg3 d6 12. Bf4 dxe5 13. Bxe5 Bf6 
14. Bxf6 Qxf6 15. Be2 Bf5 16. O-O c6 17. Bd3 Bxd3 18. Qxd3 g6 19. Qd7 b6 
20. Rad1 
1/2-1/2

[Event "34th Chess Olympiad (men)"]
[Site "Istanbul"]
[Date "2000.11.02"]
[Round "6.14.3"]
[White "Cramling, Pia (gm)"]
[Black "Kovacevic, Aleksandar"]
[WhiteElo "2484"]
[BlackElo "2513"]
[WhiteCountry "SWE"]
[BlackCountry "YUG"]
[Result "0-1"]

1. d4 Nf6 2. c4 e6 3. Nc3 Bb4 4. Qc2 c5 5. dxc5 O-O 6. a3 Bxc5 7. Nf3 b6 
8. Bg5 Bb7 9. e4 h6 10. Bh4 Be7 11. Rd1 Nc6 12. Be2 Rc8 13. O-O Nh5 
14. Bxe7 Qxe7 15. Rfe1 Na5 16. Nd2 Nf4 17. Bf1 Ng6 18. b4 Nc6 19. Nf3 Nce5 
20. Nxe5 Nxe5 21. Nb5 Ba6 22. Qa4 Bxb5 23. Qxb5 d6 24. Re3 f5 25. Qa6 Ng4 
26. Re2 fxe4 27. h3 Nf6 28. g3 d5 29. Ree1 Qf7 30. Rd2 Rc7 31. cxd5 exd5 
32. Bg2 Rc3 33. a4 Qe7 34. Qb5 Rb3 35. Rd4 Qe5 36. Red1 Rb2 37. Qf1 Rc8 
38. Qb5 Kh8 39. R4d2 Rxd2 40. Rxd2 e3 41. Re2 exf2+ 42. Rxf2 Qxg3 43. Qf1 Qe3 
44. Qe2 Rc1+ 45. Kh2 Qc3 46. Qe7 Qd4 47. Rf1 Rc2 48. Kh1 Qd2 49. Rg1 Qf4 
50. Qf7 a5 51. bxa5 bxa5 52. Rf1 Rc1 53. Rxc1 Qxc1+ 54. Kh2 Qf4+ 55. Kh1 Qxa4 
56. Qc7 Kh7 57. Qc3 Qd1+ 58. Kh2 a4 
0-1

[Event "34th Chess Olympiad (men)"]
[Site "Istanbul"]
[Date "2000.11.02"]
[Round "6.14.4"]
[White "Vuckovic, Bojan"]
[Black "Brynell, Stellan"]
[WhiteElo "2444"]
[BlackElo "2484"]
[WhiteCountry "YUG"]
[BlackCountry "SWE"]
[Result "1-0"]

1. e4 e6 2. d4 d5 3. Nd2 c5 4. exd5 exd5 5. Ngf3 a6 6. Be2 Nf6 7. O-O Bd6 
8. dxc5 Bxc5 9. Nb3 Bb6 10. Bg5 O-O 11. c3 Re8 12. Qd3 h6 13. Bh4 g5 
14. Bg3 Ne4 15. Nfd4 Nc6 16. Rae1 Qf6 17. Bf3 Qg6 18. c4 dxc4 19. Qxc4 Bd7 
20. Qd5 Nf6 21. Qd6 Red8 22. Bxc6 Bxc6 23. Nxc6 bxc6 24. Qxc6 Nd5 
25. Qxg6+ fxg6 26. Re6 Kf7 27. Rfe1 Rac8 28. Kf1 g4 29. R6e4 h5 30. Ra4 a5 
31. Be5 Rc2 32. Bd4 Bc7 33. g3 Nb4 34. Re2 Rc4 35. Bc3 Rd1+ 36. Kg2 g5 
37. Nxa5 h4 38. h3 gxh3+ 39. Kxh3 g4+ 40. Kh2 Bxa5 41. Rxa5 Nd5 42. Ra7+ Kg6 
43. Rg7+ Kh6 44. Re6+ Kh5 45. gxh4 Rc7 46. Re5+ Kxh4 47. Rxd5 
1-0

[Event "34th Chess Olympiad (men)"]
[Site "Istanbul"]
[Date "2000.11.02"]
[Round "6.15.1"]
[White "Annageldyev, Orazly"]
[Black "Kasimdzhanov, Rustam"]
[WhiteElo "2491"]
[BlackElo "2690"]
[WhiteCountry "TKM"]
[BlackCountry "UZB"]
[Result "1/2-1/2"]

1. e4 c5 2. Nf3 e6 3. d4 cxd4 4. Nxd4 Nf6 5. Nc3 d6 6. Be2 Be7 7. O-O Nc6 
8. Be3 O-O 9. f4 e5 10. Nb3 exf4 11. Bxf4 Be6 12. Kh1 d5 13. exd5 Nxd5 
14. Nxd5 Qxd5 15. Bf3 Qc4 16. Be2 Qd5 17. Bf3 Qb5 18. Be4 Rad8 19. Qf3 Bd5 
20. Bxd5 Qxd5 21. Qxd5 Rxd5 22. Rad1 Rfd8 23. Rxd5 Rxd5 24. c3 f5 25. g3 Bf6 
26. Rf2 b5 27. Rd2 Rxd2 28. Nxd2 b4 29. Nb1 Kf7 30. cxb4 Nxb4 31. a3 Nd3 
32. Be3 a6 33. b3 Ke6 34. Kg2 Kd5 35. Kf3 Ne1+ 36. Ke2 Nc2 37. Kd3 Nxe3 
38. Kxe3 Bb2 39. Kd3 g5 40. b4 f4 41. gxf4 gxf4 42. a4 Ke5 
1/2-1/2

[Event "34th Chess Olympiad (men)"]
[Site "Istanbul"]
[Date "2000.11.02"]
[Round "6.15.2"]
[White "Yuldashev, Saydali"]
[Black "Ovezov, Artek"]
[WhiteElo "2515"]
[BlackElo "2366"]
[WhiteCountry "UZB"]
[BlackCountry "TKM"]
[Result "1/2-1/2"]

1. e4 c6 2. d4 d5 3. exd5 cxd5 4. c4 Nf6 5. Nc3 a6 6. Nf3 dxc4 7. Bxc4 b5 
8. Bb3 e6 9. O-O b4 10. Ne2 Bd6 11. Ne5 O-O 12. Bg5 Nbd7 13. f4 Qb6 14. Kh1 Ne4 
15. Bh4 Ndf6 16. Bc2 Bb7 17. Ng1 Rac8 18. Ngf3 Qb5 19. Bd3 Qd5 20. Qe2 Bb8 
21. Rae1 a5 22. Bc4 Qd6 23. Bd3 Qd5 24. Bc4 Qd6 25. Qd1 Nd7 26. Qd3 Nb6 
27. Bb3 a4 28. Bc2 f5 29. Qd1 Nc4 30. Nxc4 Rxc4 31. Bxa4 Qxf4 32. Bb3 Bd5 
33. Bxc4 Bxc4 34. Be7 Rc8 35. Bxb4 Qh6 36. Bd2 Qh5 37. Kg1 Rd8 38. Ba5 Rd5 
39. Bc3 Qh6 40. Qa4 Bb5 41. Qa8 Rd8 42. Qa5 Rd5 43. Qa8 Rd8 44. Qa5 Rd5 
45. Qb6 Bf4 46. g3 Bd6 47. Qd8+ Bf8 48. Qc8 Bxf1 49. Bb4 Qf6 50. Bxf8 Rd8 
51. Qc7 Kxf8 52. Rxf1 Rxd4 53. Ne5 Kg8 54. Nd7 Qe7 55. Qb8+ Kf7 56. Ne5+ Kf6 
57. Ng4+ Kg6 58. Ne5+ Kf6 59. Ng4+ Kg6 60. Ne5+ Kf6 61. Ng4+ 
1/2-1/2

[Event "34th Chess Olympiad (men)"]
[Site "Istanbul"]
[Date "2000.11.02"]
[Round "6.15.3"]
[White "Grigoryan, Karen"]
[Black "Dzhumaev, Marat"]
[WhiteElo "2399"]
[BlackElo "2495"]
[WhiteCountry "TKM"]
[BlackCountry "UZB"]
[Result "0-1"]

1. e4 g6 2. d4 Bg7 3. Nf3 d6 4. Be2 Nf6 5. Nc3 O-O 6. O-O c6 7. a4 a5 8. h3 Na6 
9. Be3 Nb4 10. Nd2 Nd7 11. f4 c5 12. d5 f5 13. exf5 gxf5 14. Nc4 Nf6 15. Bf3 b6 
16. Rf2 Ba6 17. Na3 Bb7 18. Nab5 e6 19. dxe6 d5 20. Re2 Qe7 21. Bf2 Ne4 
22. Bh5 d4 23. Bf7+ Kh8 24. Nxe4 fxe4 25. Qe1 Bf6 26. f5 Rad8 27. Rd1 e3 
28. Bg3 Be4 29. Bc7 Bxc2 30. Bxd8 Rxd8 31. Rxc2 Nxc2 32. Qe2 Nb4 33. Kh1 Bg5 
34. Kh2 d3 35. Qf3 e2 36. Rb1 Nc2 37. Qg3 Bh4 38. Qe5+ Qf6 39. Qe4 e1Q 
40. Rxe1 Nxe1 41. g3 Qxb2+ 
0-1

[Event "34th Chess Olympiad (men)"]
[Site "Istanbul"]
[Date "2000.11.02"]
[Round "6.16.3"]
[White "Mannion, Stephen R"]
[Black "Arencibia, Walter"]
[WhiteElo "2350"]
[BlackElo "2513"]
[WhiteCountry "SCO"]
[BlackCountry "CUB"]
[Result "1/2-1/2"]

1. e4 c5 2. Nf3 d6 3. d4 cxd4 4. Nxd4 Nf6 5. Nc3 a6 6. f4 e5 7. Nf3 Nbd7 
8. a4 Be7 9. Bd3 O-O 10. O-O Nc5 11. Kh1 exf4 12. Bxf4 Bg4 13. Be3 Rc8 
14. Qd2 Nxd3 15. Qxd3 Qc7 16. Nd4 Qc4 17. Nf5 Bxf5 18. Rxf5 Ng4 19. Bd4 Bf6 
20. Bxf6 Nxf6 21. Raf1 Qxd3 22. cxd3 Rc6 23. h3 Rb6 24. R1f2 Rb4 25. Nd5 Rxa4 
26. Nxf6+ gxf6 27. Rd5 Rb4 28. Rxd6 f5 29. exf5 Kg7 30. d4 Re8 31. d5 h5 
32. Kh2 Re5 33. f6+ Kg6 34. Rd8 Rf5 35. Rd2 Rff4 36. d6 Rbd4 37. Rxd4 Rxd4 
38. Rb8 
1/2-1/2

[Event "34th Chess Olympiad (men)"]
[Site "Istanbul"]
[Date "2000.11.02"]
[Round "6.17.2"]
[White "Sanduleac, Vasile"]
[Black "Klovans, Janis"]
[WhiteElo "2438"]
[BlackElo "2481"]
[WhiteCountry "MDA"]
[BlackCountry "LAT"]
[Result "1/2-1/2"]

1. g3 Nf6 2. Bg2 d5 3. Nf3 e6 4. d3 c5 5. O-O Nc6 6. Nbd2 Be7 7. e4 O-O 
8. Re1 b5 9. e5 Nd7 10. Nf1 a5 11. h4 b4 12. Bf4 a4 13. a3 bxa3 14. bxa3 Ba6 
15. N1h2 Rc8 16. Ng5 Nd4 17. c3 Nf5 18. Bh3 Qa5 19. Bxf5 exf5 20. e6 fxe6 
21. Nxe6 Rf7 22. Nf3 h6 23. Ne5 Nxe5 24. Bxe5 Bf6 25. Bxf6 Rxf6 26. Nf4 Rd8 
27. d4 Qxc3 28. Qxa4 cxd4 29. Rac1 Qd2 30. Rcd1 Qc3 31. Rc1 Qd2 32. Red1 Qb2 
33. Qxd4 Qxd4 34. Rxd4 Rfd6 35. Ng2 Bc8 36. a4 Ra6 37. Nf4 Be6 38. Rc7 Bf7 
39. h5 Rda8 40. Nxd5 Rxa4 41. Ne7+ Kf8 42. Rdd7 R4a6 43. Nc8 Be8 44. Rd8 Re6 
45. Rc5 g6 46. hxg6 Kg7 47. Rc7+ 
1/2-1/2

[Event "34th Chess Olympiad (men)"]
[Site "Istanbul"]
[Date "2000.11.02"]
[Round "6.17.4"]
[White "Khruschiov, Alexey"]
[Black "Neiksans, Arturs"]
[WhiteElo "2381"]
[BlackElo "2355"]
[WhiteCountry "MDA"]
[BlackCountry "LAT"]
[Result "1/2-1/2"]

1. e4 e5 2. Nf3 Nf6 3. d4 exd4 4. e5 Ne4 5. Qxd4 d5 6. exd6ep Nxd6 7. Bd3 Nc6 
8. Qf4 Be6 9. Nc3 Qd7 10. O-O O-O-O 11. Bd2 Bf5 12. Bxf5 Nxf5 13. Rad1 Bd6 
14. Qa4 Rhe8 15. Bf4 Qe7 16. Rfe1 Qf8 17. Nb5 Rxe1+ 18. Rxe1 Kb8 19. Nxd6 Nxd6 
20. h4 a6 21. Qa3 f6 22. Qc5 Qf7 23. a4 Qd7 24. Rd1 Qf5 25. Qxf5 Nxf5 
26. Rxd8+ Nxd8 27. g4 Ne7 28. Kf1 Ne6 29. Bd2 c5 30. Ke2 Kc7 31. Kd3 b5 
32. axb5 axb5 33. Ke4 Kc6 34. h5 Nc8 35. b3 Nd6+ 36. Kd3 Kd5 37. Be3 g5 
38. hxg6ep 
1/2-1/2

[Event "34th Chess Olympiad (men)"]
[Site "Istanbul"]
[Date "2000.11.02"]
[Round "6.18.2"]
[White "Antonio, Rogelio Jr"]
[Black "Wong, Meng-Kong"]
[WhiteElo "2547"]
[BlackElo "2507"]
[WhiteCountry "PHI"]
[BlackCountry "SIN"]
[Result "1-0"]

1. e4 d6 2. d4 Nf6 3. Nc3 g6 4. Be3 c6 5. Qd2 b5 6. f3 Nbd7 7. a4 b4 8. Nd1 a5 
9. g4 Nb6 10. Nf2 Qc7 11. b3 h5 12. gxh5 Nxh5 13. O-O-O Bg7 14. Kb1 Bb7 
15. Ne2 Nd7 16. Bh3 Nhf6 17. Bf1 c5 18. Ng3 cxd4 19. Bxd4 e5 20. Bb2 d5 
21. Bb5 O-O-O 22. Qe2 Nc5 23. Nd3 dxe4 24. Nxc5 Qxc5 25. Nxe4 Nxe4 26. fxe4 Bh6 
27. Rhf1 Rxd1+ 28. Qxd1 Bxe4 29. Rxf7 Kb8 30. Bc4 Rf8 31. Rxf8+ Bxf8 
32. Qe2 Bf5 33. Qxe5+ Qxe5 34. Bxe5+ Kb7 35. Bf4 Be7 36. Bd3 g5 37. Bg3 Be6 
38. Kc1 Bd8 39. Kd2 Bd5 40. Be5 Bb6 41. Bf5 Bc7 42. Bf6 Bxh2 43. Bxg5 Kc7 
44. Kd3 Be5 45. Be4 Be6 46. Be3 Bf7 47. Bf3 Bf6 48. Bf4+ Kb6 49. Bd6 Be6 
50. Ke3 Bf5 51. Be4 Be6 52. Kf4 Bc8 53. Bf5 Bb7 54. Be6 Bg2 55. Bc4 Bd4 
56. Be7 Kc7 57. Kf5 Kd7 58. Bg5 Bf2 59. Bb5+ Kc7 60. Bf4+ Kb6 61. Ke5 Bc5 
62. Bg5 Kc7 63. Ke6 Bf3 64. Bf4+ Kb7 65. Bc4 Bg4+ 66. Kd5 Bb6 67. Bd3 Bd8 
68. Be4 Be7 69. Kc4+ Kb6 70. Be3+ Ka6 71. Kd5 Bd7 72. Ke5 Be8 73. Ke6 Bd8 
74. Kd6 Bb6 75. Bf4 Ka7 76. Be5 Ka6 77. Ke7 Bh5 78. Kd7 Ka7 79. Bf4 Bg4+ 
80. Kc6 Bc8 81. Bb8+ 
1-0

[Event "34th Chess Olympiad (men)"]
[Site "Istanbul"]
[Date "2000.11.02"]
[Round "6.18.4"]
[White "Nadera, Barlo A"]
[Black "Ong, Chong-Ghee"]
[WhiteElo "2403"]
[BlackElo "2342"]
[WhiteCountry "PHI"]
[BlackCountry "SIN"]
[Result "1-0"]

1. c4 c5 2. g3 g6 3. Bg2 Bg7 4. e3 Nc6 5. Ne2 e5 6. O-O Nge7 7. Nbc3 O-O 
8. d3 d6 9. h3 Be6 10. Nd5 Rb8 11. Nec3 a6 12. a4 h6 13. Rb1 Nb4 14. b3 Nbxd5 
15. cxd5 Bd7 16. Bd2 b5 17. axb5 Bxb5 18. Qc2 f5 19. Rfe1 Qd7 20. Nxb5 Rxb5 
21. b4 Rc8 22. Qa2 Qb7 23. bxc5 Rcxc5 24. e4 Kh7 25. Bf1 h5 26. Bg5 Rxb1 
27. Rxb1 Rb5 28. Ra1 Bh6 29. Bxh6 Kxh6 30. Qxa6 Qd7 31. d4 Rb4 32. dxe5 dxe5 
33. Qf6 Rxe4 34. Qh8+ Kg5 35. h4+ Kg4 36. Qf6 Ra4 37. Qg5+ 
1-0

[Event "34th Chess Olympiad (men)"]
[Site "Istanbul"]
[Date "2000.11.02"]
[Round "6.19.1"]
[White "Azmaiparashvili, Zurab"]
[Black "Erdogdu, Mert"]
[WhiteElo "2673"]
[BlackElo "2286"]
[WhiteCountry "GEO"]
[BlackCountry "TURB"]
[Result "1-0"]

1. d4 Nf6 2. c4 g6 3. g3 Bg7 4. Bg2 O-O 5. Nc3 d6 6. Nf3 Nc6 7. O-O a6 
8. h3 Rb8 9. e4 Nd7 10. Bg5 h6 11. Be3 e5 12. Rc1 exd4 13. Nxd4 Nde5 
14. Nce2 Nxd4 15. Bxd4 c5 16. Be3 b5 17. cxb5 axb5 18. b3 c4 19. Bd4 Nd3 
20. Bxg7 Kxg7 21. Rc2 Be6 22. Qa1+ Qf6 23. bxc4 Qxa1 24. Rxa1 Bxc4 25. Nd4 Rfc8 
26. Bf1 Rc5 27. Rd1 Ne5 28. Rb2 Bxf1 29. Kxf1 b4 30. Nc2 Rc4 31. f4 Nd7 
32. e5 Nc5 33. exd6 Nd7 34. Rd3 Kf6 35. Ne3 Rc1+ 36. Kg2 Nc5 37. Rd4 Ke6 
38. d7 Nxd7 39. Re2 Ke7 40. Ng4+ 
1-0